Quién tiene el poder en Centroamérica (3): con derecho a picaporte ¿y con cuántos límites? /

El autor plantea que históricamente los grupos de poder económico centroamericanos han ejercido una influencia significativa en las sociedades y economías latinoamericanas, como consecuencia de la creciente presencia regional, su influencia se ha expandido desde el ámbito nacional al regional. Y que...

Πλήρης περιγραφή

Αποθηκεύτηκε σε:
Λεπτομέρειες βιβλιογραφικής εγγραφής
Κύριος συγγραφέας: Segovia, Alexander
Μορφή: Κείμενο
Θέματα:
Ετικέτες: Προσθήκη ετικέτας
Δεν υπάρχουν, Καταχωρήστε ετικέτα πρώτοι!

MARC

LEADER 00000 a a2200000 04500
001 7196
003
040
100 |a Segovia, Alexander  
245 |a Quién tiene el poder en Centroamérica (3):   |b con derecho a picaporte ¿y con cuántos límites? /  |c Alexander Segovia 
520 |a El autor plantea que históricamente los grupos de poder económico centroamericanos han ejercido una influencia significativa en las sociedades y economías latinoamericanas, como consecuencia de la creciente presencia regional, su influencia se ha expandido desde el ámbito nacional al regional. Y que esto ha sucedido en el contexto de un debilitamiento del Estado, de los partidos políticos, de las clases medias y de las organizaciones laborales y sindicales, que en un sistema democrático sirven de contrapeso al poder empresarial  
650 |a ASPECTOS ECONOMICOS  
650 |a CRECIMIENTO ECONOMICO  
650 |a INTEGRACION REGIONAL  
650 |a DESIGUALDAD ECONOMICA  
650 |a DESIGUALDAD REGIONAL  
650 |a NEOLIBERALISMO  
650 |a DEMOCRACIA  
650 |a PARTIDOS POLITICOS  
650 |a AMERICA CENTRAL  
773 |g volumen 26, número 301; páginas 37-49  
999 |c 34688  |d 34688